<?xml version="1.0" encoding="UTF-8"?>
<record
    xmlns:xsi="http://www.w3.org/2001/XMLSchema-instance"
    xsi:schemaLocation="http://www.loc.gov/MARC21/slim http://www.loc.gov/standards/marcxml/schema/MARC21slim.xsd"
    xmlns="http://www.loc.gov/MARC21/slim">

  <leader>00512nam a2200157Ia 4500</leader>
  <controlfield tag="005">20250424100726.0</controlfield>
  <controlfield tag="008">231217s9999    xx            000 0 und d</controlfield>
  <datafield tag="020" ind1=" " ind2=" ">
    <subfield code="a">9780230573093</subfield>
  </datafield>
  <datafield tag="082" ind1=" " ind2=" ">
    <subfield code="a">353.46  BAT;1  R</subfield>
  </datafield>
  <datafield tag="100" ind1=" " ind2=" ">
    <subfield code="a">Batra, Ravi</subfield>
  </datafield>
  <datafield tag="245" ind1=" " ind2="0">
    <subfield code="a">New golden age : the coming revolution against political corruption and economic chaos</subfield>
  </datafield>
  <datafield tag="260" ind1=" " ind2=" ">
    <subfield code="c">2007</subfield>
    <subfield code="b">Palgrave McMilan</subfield>
    <subfield code="a">New York</subfield>
  </datafield>
  <datafield tag="300" ind1=" " ind2=" ">
    <subfield code="a">x+242</subfield>
  </datafield>
  <datafield tag="650" ind1=" " ind2=" ">
    <subfield code="a">golden,age,coming,revolution,against,political,corruption,economic,chaos</subfield>
  </datafield>
  <datafield tag="942" ind1=" " ind2=" ">
    <subfield code="c">AA</subfield>
  </datafield>
  <datafield tag="999" ind1=" " ind2=" ">
    <subfield code="c">179874</subfield>
    <subfield code="d">179874</subfield>
  </datafield>
  <datafield tag="952" ind1=" " ind2=" ">
    <subfield code="r">2025-11-17 11:14:21</subfield>
    <subfield code="l">1</subfield>
    <subfield code="o">353.46  BAT;1  R</subfield>
    <subfield code="p">47322</subfield>
    <subfield code="W">20</subfield>
    <subfield code="s">2025-10-29</subfield>
    <subfield code="v">396.00</subfield>
    <subfield code="w">2024-01-26</subfield>
    <subfield code="y">AA</subfield>
    <subfield code="1">0</subfield>
    <subfield code="4">0</subfield>
    <subfield code="7">0</subfield>
    <subfield code="8">MBA</subfield>
    <subfield code="0">0</subfield>
    <subfield code="K">1228</subfield>
    <subfield code="L">13/01/2009</subfield>
    <subfield code="a">ML</subfield>
    <subfield code="b">LRC</subfield>
    <subfield code="c">MBA</subfield>
    <subfield code="d">2007-12-10</subfield>
    <subfield code="e">Intact Book House Pvt Ltd</subfield>
    <subfield code="g">495.00</subfield>
    <subfield code="E">MBA</subfield>
    <subfield code="G">RS</subfield>
    <subfield code="F">1</subfield>
    <subfield code="V">99</subfield>
    <subfield code="U">Rupees</subfield>
  </datafield>
</record>
